000 00392nam a2200133Ia 4500
008 151001s9999||||xx |||||||||||||| ||und||
100 _aरमेश बोराणा
245 _aराजस्थान के कला गौरव
250 _a2
260 _bराजस्थानी ग्रंथागार
260 _c2008
300 _a118
365 _b21
999 _c992267
_d992264